Normal view
MARC view
- WILLIAM,HANSEN D KENNETH
Entry Personal Name
001 - CONTROL NUMBER
- control field: 89074
003 - CONTROL NUMBER IDENTIFIER
- control field: NUST
005 - DATE AND TIME OF LATEST TRANSACTION
- control field: 20220216145818.0
008 - FIXED-LENGTH DATA ELEMENTS
- fixed length control field: 220216|| aca||aabn | a|a d
040 ## - CATALOGING SOURCE
- Original cataloging agency: NUST
- Transcribing agency: NUST
100 ## - HEADING--PERSONAL NAME
- Personal name: WILLIAM,HANSEN D KENNETH
670 ## - SOURCE DATA FOUND
- Source citation: Work cat.: (NUST): WILLIAM,HANSEN D KENNETH., ROLLER CAMPACTED CONCRETE DAMS /, 1991
